[Event "Bayern-ch 72nd"]
[Site "Freising"]
[Date "2001.09.04"]
[Round "4"]
[White "Schwalbe, Gerhard"]
[Black "Niedermaier, Barbara"]
[Result "1-0"]
[WhiteElo "2028"]
[BlackElo "1917"]
[PlyCount "71"]
[EventDate "2001.09.01"]
[EventType "swiss"]
[EventRounds "9"]
[EventCountry "GER"]
[SourceTitle "EXT 2015"]
[Source "ChessBase"]
[SourceDate "2014.11.20"]
[SourceVersion "1"]
[SourceVersionDate "2014.11.20"]
[SourceQuality "1"]

1. e4 e6 2. Qe2 b6 3. Nf3 Nc6 4. d4 d5 5. Nc3 Bb4 6. Bd2 Nge7 7. a3 Bxc3 8. Bxc3 a5 9. Qe3 0-0 10. Rd1 dxe4 11. Qxe4 Nd5 12. Bd2 h6 13. c4 f5 14. Qc2 Nf6 15. Bc1 Qe8 16. Be2 Ne4 17. b3 Bb7 18. Bb2 Rd8 19. 0-0 Ng5 20. Rfe1 Nxf3+ 21. Bxf3 Qg6 22. d5 exd5 23. cxd5 Nb8 24. Qxc7 Rd7 25. Qe5 Rfd8 26. h3 Na6 27. Qe6+ Qxe6 28. dxe6 Rxd1 29. Bxd1 Bc6 30. Be2 Nc7 31. e7 Rc8 32. Bc4+ Kh7 33. a4 Be8 34. Rd1 b5 35. Rd8 Ra8 36. axb5 1-0

[Event "Bayern-ch 72nd"]
[Site "Freising"]
[Date "2001.09.01"]
[Round "1"]
[White "Loew, Gerald"]
[Black "Schwalbe, Gerhard"]
[Result "1-0"]
[WhiteElo "2278"]
[BlackElo "2028"]
[PlyCount "109"]
[EventDate "2001.09.01"]
[EventType "swiss"]
[EventRounds "9"]
[EventCountry "GER"]
[SourceTitle "EXT 2015"]
[Source "ChessBase"]
[SourceDate "2014.11.20"]
[SourceVersion "1"]
[SourceVersionDate "2014.11.20"]
[SourceQuality "1"]

1. c4 e5 2. g3 Nf6 3. Bg2 d6 4. Nc3 Be7 5. e3 0-0 6. Nge2 c6 7. d4 Na6 8. h3 Nc7 9. d5 cxd5 10. cxd5 b5 11. a3 a5 12. e4 Nd7 13. 0-0 Ba6 14. b4 a4 15. Be3 Rb8 16. Nb1 Na8 17. Qd3 Ndb6 18. Nd2 Qd7 19. Kh2 Nc4 20. Nxc4 bxc4 21. Qc2 Nb6 22. Nc3 Bb5 23. h4 Qe8 24. Rfc1 Bd8 25. Bf1 Bd7 26. Bg2 Rc8 27. b5 f5 28. exf5 Bxf5 29. Be4 g6 30. Rab1 Ra8 31. Rb4 Ra5 32. Rd1 Bd7 33. Rdb1 Bf5 34. Kg2 Qf7 35. Rd1 Bg4 36. Rd2 Bf3+ 37. Kg1 Kg7 38. Bxf3 Qxf3 39. Qe4 Qf7 40. Kg2 h6 41. f3 Qe8 42. Rf2 Qd7 43. Qc2 Rf7 44. Qd1 Qe8 45. Ra2 Qf8 46. Rc2 Kh7 47. Bxb6 Bxb6 48. Rxa4 Rxa4 49. Nxa4 Bd4 50. Rxc4 Qa8 51. Rc6 Ra7 52. Qc2 Bc5 53. Nxc5 Rxa3 54. Rc7+ Kh8 55. Qxg6 1-0